000 00629nam a2200205 a 4500
001 000044579
005 20201002045457.0
008 140717s1968 sp 000 0 spa d
040 _aDO-SdBNP
_bspa
_cBNPHU
041 1 7 _aspa
_heng
082 _axxxx
_bxxxx
100 1 _aBarbour, Floyd B.
_972604
240 1 0 _aThe Black Power revolt
_lEspañol.
245 1 3 _aLa revuelta del poder negro /
_cFloyd B. Barbour ; traducción Miguel Montaner.
260 _aBarcelona :
_bAnagrama,
_c[1968].
300 _a292 p. ;
_c20 cm.
490 1 _aDocumentos
_v3
700 1 2 _aMontaner, Miguel
_etr.
_972605
830 0 _aDocumentos ;
_n3
_946535
999 _c44068
_d44068